000
00302nam a22001217a 4500
008
160426b xxu||||| |||| 00| 0 eng d
020
_a
9780138024642
020
_a
0138024642
041
_a
eng
080
_a
618.2
245
_a
Fundamentals of nursing;
_c
Audrey Berman; Shirlee Snyder;
942
_2
udc
_c
BK
999
_c
1614
_d
1614